01553cam a22003974i 4500003000900000005001700009008004100026020001500067035002700082040003300109082002200142100004700164245011000211264005400321300003800375300000700413336002100420337002500441338002300466500002800489504002800517505044900545526000900994526000901003526000901012526000901021526000901030526000901039526000801048526000801056526000801064526000801072526000801080526000801088650005901096PE-LiUPU20250731184543.0150623s r 000 0 d a9972971910 a(Sirsi) i9789972971914 aPE-LiUPUbspacPE-LiUPUerda04a985.01bK26CH2211 aKauffmann Doig, Federico,d1928 -,eautor.14aLos Chachapoya(s) :bmoradores ancestrales de los andes amazónicos peruanos /cFederico Kauffmann Doig. 1aLima, Perú :bUniversidad Alas Peruanas,c2003. a485 páginas ;c30 centímetros aCD atext2rdacontent aunmediated2rdamedia avolume2rdacarrier aIncluye hemerografía. aIncluye bibliografía.0 aLos Chachapoyas(s): Espacio geográfico y ubicación temporal. Los Chachapoya(s): Aspectos históricos. Los chachapoya(s): Aspecto físico, creencias y costumbres. Origen de los Chachapoya(s): "Serranización de la selva". El legado arquitectónico. Formas de sepulcros: el sarcófago Chachapoya(s). Formas de sepulcros: El mausoleo chachapoya(s). Otros testimonios Chachapoya(s). Addenda: Testimonios Pre-Chachapoya(s) en zonas vecinas. aP136 aP135 aP134 aP133 aP144 aP143 aP87 aP35 aP20 aP14 aP10 aP0604aChachapoyas (Cultura)xHistoriayEpoca prehispánica.